Applying WordPerfect 6.0 for Windows : a project approach /

Na minha lista:
Detalhes bibliográficos
Autor principal: Cram, Carol M.
Formato: Livro
Idioma:English
Publicado em: Boston : Houghton Mifflin, 1995.
Assuntos:
Tags: Adicionar Tag
Sem tags, seja o primeiro a adicionar uma tag!
Thư viện lưu trữ: Mạng thư viện Đại học Đà Nẵng
LEADER 00868cam a2200337 i 4500
001 000048667
003 8389
005 20030310101557.0
008 010324|1995 vm 000 eng
020 |a 0395706858 
040 |a IRC  |c IRC  |d IRC 
041 0 |a eng 
082 1 4 |a 005.15  |b CR-C 
100 1 |a Cram, Carol M. 
245 0 0 |a Applying WordPerfect 6.0 for Windows :  |b a project approach /  |c Carol M. Cram. 
260 |a Boston :  |b Houghton Mifflin,  |c 1995. 
300 |a 563p. ;  |c 28cm. 
630 0 4 |a Word processing. 
630 0 4 |a WordPerfect. 
650 0 4 |a Word processing. 
650 0 4 |a WordPerfect (Computer file) 
OWN |a DUT 
999 |a From the UDN01 
TYP |a Monograph 
TYP |a Printed language 
980 |a Mạng thư viện Đại học Đà Nẵng